Krkonoše vítají privatizaci.
Nesprávna koncepcia zameraná na masovú a nárazovú turistiku viedla k ničeniu prírody a nadmernej zástavbe Krkonôš. Zdevastované prostredie a podniky volajú po privatizácii. Hlavné smery súkromného podnikania v Krkonošiach. Cestovný ruch ako budúci hlavný zdroj miestnych príjmov v oblasti.
Guardado en:
| Formato: | Capítulo de libro |
|---|---|
| Lenguaje: | checo |
| Materias: | |
| Etiquetas: |
Sin Etiquetas, Sea el primero en etiquetar este registro!
|
MARC
| LEADER | 00000naa a2200000 4500 | ||
|---|---|---|---|
| 001 | r002985 | ||
| 005 | 20221125080053.7 | ||
| 041 | 0 | |a cze | |
| 044 | |a [CS] | ||
| 245 | 1 | 0 | |a Krkonoše vítají privatizaci. |
| 520 | |a Nesprávna koncepcia zameraná na masovú a nárazovú turistiku viedla k ničeniu prírody a nadmernej zástavbe Krkonôš. Zdevastované prostredie a podniky volajú po privatizácii. Hlavné smery súkromného podnikania v Krkonošiach. Cestovný ruch ako budúci hlavný zdroj miestnych príjmov v oblasti. | ||
| 610 | 2 | 0 | |a ruch cestovný |
| 610 | 2 | 0 | |a turistika |
| 610 | 2 | 0 | |a privatizácia |
| 610 | 2 | 0 | |a podnikanie súkromné |
| 610 | 2 | 0 | |a Krkonoše |